[Event "Titled Tuesday intern op 16th Apr Early"]
[Site "Chess.com INT"]
[Date "2024.04.16"]
[Round "1"]
[White "Malyshev, Vasilij"]
[Black "Alonso Orta, Osiel Alberto"]
[Result "1-0"]
[WhiteElo "2353"]
[BlackElo "2043"]
[PlyCount "71"]
[EventDate "2024.04.16"]
[EventType "swiss (blitz)"]
[EventRounds "11"]
[EventCountry "USA"]
[SourceTitle "CB17_2024"]
[SourceDate "2024.04.24"]
[SourceVersion "1"]
[SourceVersionDate "2024.04.24"]
[SourceQuality "1"]

1. d4 Nf6 2. c4 g6 3. Nc3 Bg7 4. e4 d6 5. Be2 0-0 6. Nf3 e5 7. Be3 Nc6 8. d5 Ne7 9. Nd2 Nd7 10. b4 f5 11. f3 f4 12. Bf2 Nf6 13. c5 g5 14. Nc4 Ng6 15. cxd6 cxd6 16. Nb5 Ne8 17. Bxa7 h5 18. h3 Rf7 19. Bb6 Qf6 20. a4 Bd7 21. Bf2 Bxb5 22. axb5 Rxa1 23. Qxa1 Nh4 24. Qa8 Rf8 25. Bxh4 gxh4 26. Qxb7 Qg5 27. 0-0 Qg3 28. Rf2 Bf6 29. Bf1 Qg7 30. Qxg7+ Bxg7 31. b6 Rf7 32. Na5 Nf6 33. Rc2 Rf8 34. b7 Nd7 35. Rc8 Bf6 36. Nc6 1-0

[Event "Titled Tuesday intern op 16th Apr Early"]
[Site "Chess.com INT"]
[Date "2024.04.16"]
[Round "3"]
[White "Szente Varga, Fruzsina"]
[Black "Malyshev, Vasilij"]
[Result "0-1"]
[WhiteElo "2025"]
[BlackElo "2353"]
[PlyCount "148"]
[EventDate "2024.04.16"]
[EventType "swiss (blitz)"]
[EventRounds "11"]
[EventCountry "USA"]
[SourceTitle "CB17_2024"]
[SourceDate "2024.04.24"]
[SourceVersion "1"]
[SourceVersionDate "2024.04.24"]
[SourceQuality "1"]

1. e4 c5 2. Nf3 e6 3. b3 d5 4. exd5 exd5 5. Bb5+ Bd7 6. Bxd7+ Qxd7 7. 0-0 Nf6 8. Re1+ Be7 9. Qe2 Nc6 10. Bb2 0-0 11. d4 Rfe8 12. Nbd2 cxd4 13. Ne5 Nxe5 14. Qxe5 Bc5 15. Qf4 Rac8 16. Nf3 Re4 17. Qd2 Qc6 18. Rac1 Qb6 19. a3 Rce8 20. b4 Be7 21. Bxd4 Qc6 22. Ne5 Qa4 23. Bb2 a6 24. Nf3 a5 25. c3 Qb3 26. Rb1 Qc4 27. Ne5 Qc7 28. Nd3 Bd6 29. g3 Rxe1+ 30. Rxe1 Ne4 31. Qc2 Rc8 32. Qb3 axb4 33. cxb4 Qc4 34. Qxc4 Rxc4 35. Rc1 Kf8 36. f3 Nd2 37. Kf2 Nb3 38. Rxc4 dxc4 39. Ne5 b5 40. Nc6 Ke8 41. Nd4 Nxd4 42. Bxd4 g6 43. Ke3 Kd7 44. Kd2 Ke6 45. Kc3 Kd5 46. f4 h5 47. Be3 h4 48. Bd4 h3 49. Bf6 Ke4 50. a4 bxa4 51. Kxc4 Kf3 52. b5 Kg2 53. Be5 Bxe5 54. fxe5 Kxh2 55. b6 Kg2 56. b7 h2 57. b8Q h1Q 58. Qb7+ Kg1 59. Qb6+ Kh2 60. Qf6 Qe4+ 61. Kb5 Qd5+ 62. Kxa4 Kxg3 63. Kb4 Qe6 64. Qg7 Kf4 65. Qh6+ Kxe5 66. Qe3+ Kf6 67. Qf4+ Qf5 68. Qd6+ Kg5 69. Qe7+ Kg4 70. Kc3 Qf3+ 71. Kd4 Qf4+ 72. Kd3 g5 73. Qe2+ Qf3+ 74. Qxf3+ Kxf3 0-1

[Event "Titled Tuesday intern op 02nd Apr Early"]
[Site "Chess.com INT"]
[Date "2024.04.02"]
[Round "1"]
[White "Dovzik, Juri"]
[Black "Malyshev, Vasilij"]
[Result "1-0"]
[WhiteElo "2221"]
[BlackElo "2353"]
[PlyCount "37"]
[EventDate "2024.04.02"]
[EventType "swiss (blitz)"]
[EventRounds "11"]
[EventCountry "USA"]
[SourceTitle "CB15_2024"]
[SourceDate "2024.04.10"]
[SourceVersion "1"]
[SourceVersionDate "2024.04.10"]
[SourceQuality "1"]

1. b3 e5 2. Bb2 Nc6 3. Nf3 d6 4. d4 exd4 5. Nxd4 Nxd4 6. Qxd4 Nf6 7. c4 Be7 8. Nd2 0-0 9. g3 Be6 10. Bg2 c5 11. Qc3 d5 12. cxd5 Bxd5 13. Ne4 b5 14. Rd1 b4 15. Qe5 Bxe4 16. Rxd8 Bxd8 17. Bxe4 Re8 18. Qxe8+ Nxe8 19. Bxa8 1-0

[Event "Titled Tuesday intern op 02nd Apr Early"]
[Site "Chess.com INT"]
[Date "2024.04.02"]
[Round "9"]
[White "Malyshev, Vasilij"]
[Black "Melikhov, Evgeny V"]
[Result "0-1"]
[WhiteElo "2353"]
[BlackElo "2172"]
[PlyCount "110"]
[EventDate "2024.04.02"]
[EventType "swiss (blitz)"]
[EventRounds "11"]
[EventCountry "USA"]
[SourceTitle "CB15_2024"]
[SourceDate "2024.04.10"]
[SourceVersion "1"]
[SourceVersionDate "2024.04.10"]
[SourceQuality "1"]

1. d4 Nf6 2. c4 e6 3. Nc3 Bb4 4. Qc2 c5 5. dxc5 0-0 6. Bf4 Bxc5 7. Nf3 Be7 8. e3 d6 9. Be2 Nh5 10. Bg3 Nd7 11. Rd1 Nxg3 12. hxg3 Nf6 13. Ne4 Nxe4 14. Qxe4 f5 15. Qc2 Bd7 16. g4 g6 17. gxf5 exf5 18. Nd4 d5 19. cxd5 Bd6 20. Ne6 Qa5+ 21. Kf1 Rfe8 22. a3 Rac8 23. Qd2 Qxd2 24. Rxd2 Bxe6 25. dxe6 Rxe6 26. Bf3 Rc1+ 27. Rd1 Rxd1+ 28. Bxd1 Kg7 29. Ke2 Be5 30. b4 Rd6 31. Bb3 Bb2 32. a4 Bc3 33. b5 Rd2+ 34. Kf3 g5 35. g3 g4+ 36. Kg2 Rb2 37. Bd5 b6 38. Rc1 Bd2 39. Rc7+ Kg6 40. Kf1 Rb1+ 41. Ke2 Ba5 42. Rxa7 Re1+ 43. Kd3 Rf1 44. Rxa5 bxa5 45. b6 Rb1 46. b7 Kf6 47. Kd4 Ke7 48. Kc5 Kd7 49. e4 fxe4 50. Bxe4 Rb4 51. Bc6+ Kc7 52. Bb5 Kxb7 53. Be2 h5 54. Kd5 Rxa4 55. Ke5 Ra2 0-1

[Event "Novosibirsk Sibiria-B"]
[Site "Novosibirsk"]
[Date "2007.07.29"]
[Round "11"]
[White "Giljazitdinov, Eduard"]
[Black "Malyshev, Vasilij"]
[Result "1-0"]
[WhiteElo "2086"]
[BlackElo "2367"]
[PlyCount "77"]
[EventDate "2007.07.20"]
[EventType "tourn"]
[EventRounds "11"]
[EventCountry "RUS"]
[SourceTitle "CBM 119 Extra"]
[Source "ChessBase"]
[SourceDate "2007.09.04"]
[SourceVersion "1"]
[SourceVersionDate "2007.09.04"]
[SourceQuality "1"]

1. e4 c5 2. c3 e6 3. d4 Nf6 4. Bd3 d5 5. e5 Nfd7 6. Nf3 Nc6 7. a3 a5 8. Bc2 Be7 9. 0-0 Qb6 10. Re1 f5 11. exf6 Nxf6 12. Ng5 Nd8 13. b3 Bd7 14. Be3 Rc8 15. dxc5 Bxc5 16. b4 Bxe3 17. Rxe3 Rc6 18. Nxh7 Nxh7 19. Qh5+ Ke7 20. Bxh7 Nf7 21. Nd2 d4 22. cxd4 Qxd4 23. Rd1 g6 24. Qxg6 Qxd2 25. Rd3 Qxd3 26. Qxd3 Rd6 27. Qc2 Rxd1+ 28. Qxd1 Rxh7 29. Qb1 Rh5 30. bxa5 Bc6 31. Qb4+ Nd6 32. h4 Rb5 33. Qc3 Nf5 34. a6 Bd5 35. a7 b6 36. Qc7+ Kf6 37. Qd8+ Ke5 38. a8Q Bxa8 39. Qxa8 1-0

[Event "Novosibirsk Sibiria-B"]
[Site "Novosibirsk"]
[Date "2007.07.27"]
[Round "9"]
[White "Timofeeva, Ekaterina"]
[Black "Malyshev, Vasilij"]
[Result "1-0"]
[WhiteElo "2211"]
[BlackElo "2367"]
[PlyCount "117"]
[EventDate "2007.07.20"]
[EventType "tourn"]
[EventRounds "11"]
[EventCountry "RUS"]
[SourceTitle "CBM 119 Extra"]
[Source "ChessBase"]
[SourceDate "2007.09.04"]
[SourceVersion "1"]
[SourceVersionDate "2007.09.04"]
[SourceQuality "1"]

1. Nf3 d6 2. d4 g6 3. b3 Bg7 4. Bb2 Nf6 5. c4 0-0 6. g3 Nbd7 7. Bg2 c6 8. 0-0 a5 9. Nc3 e5 10. dxe5 dxe5 11. Ba3 Re8 12. e4 Bf8 13. Bxf8 Kxf8 14. Qd6+ Qe7 15. Rad1 Nc5 16. Qxe7+ Rxe7 17. Rd8+ Ne8 18. Rfd1 Ne6 19. R8d2 N6c7 20. Na4 Bg4 21. Nb6 Ra6 22. Nd7+ Bxd7 23. Rxd7 f6 24. Bh3 Rxd7 25. Rxd7 Kg8 26. c5 a4 27. Bf1 axb3 28. Bxa6 Nxa6 29. axb3 Nxc5 30. Re7 Nd6 31. Nd2 h5 32. b4 Na6 33. Rd7 Nb5 34. Rxb7 Nxb4 35. Rb6 Kf7 36. Nc4 Ke6 37. h4 f5 38. f3 fxe4 39. fxe4 Kd7 40. Rb7+ Ke6 41. Na5 Kd6 42. Rg7 Nc3 43. Nb7+ Ke6 44. Nd8+ Kd6 45. Nf7+ Kc5 46. Nxe5 Kd4 47. Nxg6 Nxe4 48. Nf4 c5 49. Nxh5 c4 50. Nf4 c3 51. Ne2+ Ke3 52. Nxc3 Nxc3 53. h5 Nbd5 54. h6 Nf6 55. g4 Ne2+ 56. Kf1 Ng3+ 57. Kg2 Nge4 58. g5 Nh5 59. h7 1-0

[Event "Novosibirsk Sibiria-B"]
[Site "Novosibirsk"]
[Date "2007.07.22"]
[Round "4"]
[White "Shakirov, Alexander"]
[Black "Malyshev, Vasilij"]
[Result "0-1"]
[WhiteElo "1950"]
[BlackElo "2367"]
[PlyCount "54"]
[EventDate "2007.07.20"]
[EventType "tourn"]
[EventRounds "11"]
[EventCountry "RUS"]
[SourceTitle "CBM 119 Extra"]
[Source "ChessBase"]
[SourceDate "2007.09.04"]
[SourceVersion "1"]
[SourceVersionDate "2007.09.04"]
[SourceQuality "1"]

1. c4 e5 2. g3 g6 3. Bg2 Bg7 4. Nc3 Nc6 5. d3 d6 6. e4 Nge7 7. Nge2 h5 8. h3 Be6 9. Bg5 f6 10. Be3 Qd7 11. h4 Nd8 12. Nd5 Ng8 13. Qd2 c6 14. Ndc3 f5 15. b3 Nf6 16. f3 d5 17. cxd5 cxd5 18. exd5 Nxd5 19. Nxd5 Bxd5 20. Rd1 0-0 21. 0-0 Re8 22. f4 Bxg2 23. Kxg2 Nc6 24. d4 exd4 25. Nxd4 Nxd4 26. Bxd4 Rad8 27. Be3 Qc6+ 0-1

[Event "Internet Section 10A g/8'+2\""]
[Site "Dos Hermanas"]
[Date "2004.03.10"]
[Round "2"]
[White "Malyshev, Vasilij"]
[Black "Shkapenko, Pavel"]
[Result "1/2-1/2"]
[WhiteElo "2377"]
[BlackElo "2363"]
[PlyCount "66"]
[EventDate "2004.03.10"]
[EventType "swiss (blitz)"]
[EventRounds "9"]
[EventCountry "ESP"]
[SourceTitle "EXT 2005"]
[Source "ChessBase"]
[SourceDate "2004.11.15"]
[SourceVersion "1"]
[SourceVersionDate "2004.11.15"]
[SourceQuality "1"]

1. d4 Nf6 2. c4 e6 3. Nc3 Bb4 4. Qc2 0-0 5. e4 d6 6. Bd3 e5 7. d5 Nbd7 8. Nge2 Nc5 9. 0-0 Bg4 10. f3 Bc8 11. Be3 Ncd7 12. Na4 Bc5 13. Nxc5 dxc5 14. a3 b6 15. b4 Ne8 16. bxc5 Nxc5 17. Bxc5 bxc5 18. f4 Qe7 19. Qc3 f6 20. Rab1 Bg4 21. fxe5 Qxe5 22. Qxe5 fxe5 23. Nc3 Rxf1+ 24. Bxf1 Nd6 25. Bd3 Bd7 26. Kf2 Kf7 27. Ke3 Ke7 28. Be2 Rf8 29. g3 Ra8 30. Nd1 Bc8 31. Nc3 Bd7 32. Nd1 Bc8 33. Nc3 Bd7 1/2-1/2

[Event "Internet Section 11A g/8'+2\""]
[Site "Dos Hermanas"]
[Date "2004.03.10"]
[Round "5"]
[White "Vukanovic, Sasa"]
[Black "Malyshev, Vasilij"]
[Result "1/2-1/2"]
[WhiteElo "2350"]
[BlackElo "2377"]
[PlyCount "46"]
[EventDate "2004.03.11"]
[EventType "swiss (blitz)"]
[EventRounds "9"]
[EventCountry "ESP"]
[SourceTitle "EXT 2005"]
[Source "ChessBase"]
[SourceDate "2004.11.15"]
[SourceVersion "1"]
[SourceVersionDate "2004.11.15"]
[SourceQuality "1"]

1. Nf3 Nf6 2. c4 e6 3. g3 d5 4. Bg2 c5 5. 0-0 Nc6 6. cxd5 exd5 7. d4 Be7 8. Nc3 0-0 9. dxc5 Bxc5 10. Bg5 Be6 11. Bxf6 Qxf6 12. Nxd5 Qxb2 13. Nc7 Rad8 14. Qc1 Qxc1 15. Raxc1 b6 16. Nxe6 fxe6 17. Rc4 Nd4 18. Nxd4 Rxd4 19. Rxd4 Bxd4 20. e3 Bc5 21. Rd1 Re8 22. Be4 g6 23. Rd7 Re7 1/2-1/2

[Event "Abu Dhabi op 13th"]
[Site "Abu Dhabi"]
[Date "2003.08.25"]
[Round "9"]
[White "Coleman, James"]
[Black "Malyshev, Vasilij"]
[Result "1/2-1/2"]
[WhiteElo "2211"]
[BlackElo "2377"]
[PlyCount "122"]
[EventDate "2003.08.16"]
[EventType "swiss"]
[EventRounds "9"]
[EventCountry "UAE"]
[SourceTitle "CBM 097"]
[Source "ChessBase"]
[SourceDate "2003.11.11"]
[SourceVersion "1"]
[SourceVersionDate "2003.11.11"]
[SourceQuality "1"]

1. d4 f5 2. Bg5 d5 3. e3 Nf6 4. Bxf6 exf6 5. c4 c6 6. Nc3 dxc4 7. Bxc4 Nd7 8. Nge2 Nb6 9. Bb3 Bd6 10. 0-0 g6 11. Nf4 Kf8 12. Qf3 Kg7 13. Rad1 Re8 14. d5 c5 15. Rfe1 a6 16. h3 Qc7 17. Ne6+ Bxe6 18. dxe6 c4 19. Bc2 Rxe6 20. Ne2 Re7 21. Nd4 Be5 22. g4 fxg4 23. hxg4 Rd8 24. Kg2 Bxd4 25. exd4 Rxe1 26. Rxe1 Rxd4 27. Be4 Qe5 28. Re3 Qg5 29. Bxb7 Qxg4+ 30. Qxg4 Rxg4+ 31. Kf3 Rg5 32. Re7+ Kh6 33. Re6 Rf5+ 34. Ke3 Na4 35. Rxa6 Nxb2 36. Be4 Nd1+ 37. Kd2 Rf4 38. Kxd1 Rxe4 39. Rxf6 c3 40. Rc6 Ra4 41. Rxc3 Rxa2 42. Ke1 Kg5 43. Kf1 Ra4 44. Kg2 h5 45. Rc5+ Kg4 46. Rc6 g5 47. Rc3 h4 48. Rb3 Rf4 49. f3+ Kh5 50. Rb6 Ra4 51. Rb2 Kg6 52. Rb5 Ra2+ 53. Kh3 Rf2 54. Rb3 Kh5 55. Rc3 Ra2 56. Rc6 Ra3 57. Kg2 Rd3 58. Re6 Ra3 59. Rb6 h3+ 60. Kxh3 Rxf3+ 61. Kg2 Rf4 1/2-1/2

[Event "Abu Dhabi op 13th"]
[Site "Abu Dhabi"]
[Date "2003.08.23"]
[Round "7"]
[White "Bagirov, Rufat"]
[Black "Malyshev, Vasilij"]
[Result "1-0"]
[WhiteElo "2507"]
[BlackElo "2377"]
[PlyCount "73"]
[EventDate "2003.08.16"]
[EventType "swiss"]
[EventRounds "9"]
[EventCountry "UAE"]
[SourceTitle "CBM 097"]
[Source "ChessBase"]
[SourceDate "2003.11.11"]
[SourceVersion "1"]
[SourceVersionDate "2003.11.11"]
[SourceQuality "1"]

1. d4 d5 2. Nf3 e6 3. c4 c6 4. Qc2 f5 5. Bf4 Nf6 6. e3 Ne4 7. Nc3 Nd7 8. Bd3 Ndf6 9. h3 Bd6 10. Bxd6 Qxd6 11. 0-0 0-0 12. c5 Qe7 13. b4 Nd7 14. Ne2 e5 15. Nxe5 Nxe5 16. dxe5 Qxe5 17. f4 Qe7 18. Bxe4 Qxe4 19. Qxe4 dxe4 20. Nd4 Kf7 21. a4 a6 22. b5 axb5 23. axb5 Rxa1 24. Rxa1 cxb5 25. Nxb5 Ke7 26. Nd6 Kd7 27. Kf2 Kc7 28. Ra8 g6 29. g4 fxg4 30. hxg4 h5 31. gxh5 gxh5 32. Rxc8+ Rxc8 33. Nxc8 Kxc8 34. Kg3 Kd7 35. Kh4 Kc6 36. Kxh5 Kxc5 37. f5 1-0

[Event "Abu Dhabi op 13th"]
[Site "Abu Dhabi"]
[Date "2003.08.20"]
[Round "5"]
[White "Gagunashvili, Merab"]
[Black "Malyshev, Vasilij"]
[Result "1-0"]
[WhiteElo "2577"]
[BlackElo "2377"]
[PlyCount "59"]
[EventDate "2003.08.16"]
[EventType "swiss"]
[EventRounds "9"]
[EventCountry "UAE"]
[SourceTitle "CBM 097"]
[Source "ChessBase"]
[SourceDate "2003.11.11"]
[SourceVersion "1"]
[SourceVersionDate "2003.11.11"]
[SourceQuality "1"]

1. d4 d5 2. c4 e6 3. Nc3 Nf6 4. Bg5 Be7 5. e3 0-0 6. Nf3 Ne4 7. Bxe7 Qxe7 8. Rc1 c6 9. Bd3 Nxc3 10. Rxc3 Nd7 11. 0-0 dxc4 12. Bxc4 e5 13. Qc2 exd4 14. exd4 Nb6 15. Bb3 Be6 16. Qe4 Nd5 17. Bxd5 cxd5 18. Qd3 Rfc8 19. Rfc1 Rxc3 20. Rxc3 Rc8 21. h3 Rxc3 22. Qxc3 b6 23. b4 Qd7 24. Ne5 Qa4 25. a3 a5 26. bxa5 bxa5 27. Nc6 Qc4 28. Qxc4 dxc4 29. Kf1 c3 30. Ke1 1-0